000 00429nam a22001817a 4500
003 MPLRDC
005 20220104125043.0
008 210129b ||||| |||| 00| 0 eng d
082 _a857.9 SML-51*
100 _a司马翎著
245 _a望断云山多少路
_c
250 _a初版
260 _a
_b武林出版社
_c1980
300 _b
490 _a司马翎小说专辑
650 _a
942 _cBK
_o857.9 SML-51*
999 _c24283
_d24273